banner koha

Use of pyraclostrobin on the nitrate assimilation and agronomic traits of the Pérola common bean cultivar (Registro n. 253588)

MARC details
000 -LÍDER
campo de controle de tamanho fixo 01089nas a2200337 4500
001 - NÚMERO DE CONTROLE
campo de controle BR2018000172
003 - IDENTIFICADOR DO NÚMERO DE CONTROLE
campo de controle BR-BrBNA
005 - DATA E HORÁRIO DA ÚLTIMA TRANSAÇÃO
campo de controle 20231205131217.0
007 - CAMPO FIXO DE DESCRIÇÃO FÍSICA--INFORMAÇÃO GERAL
campo de controle de tamanho fixo ta
008 - CAMPO DE DADOS FIXOS--INFORMAÇÃO GERAL
campo de controle de tamanho fixo 230509b bl.|||p| |||| 00| 00por d
040 ## - FONTE DA CATALOGAÇÃO
Instituição da catalogação original BR-BrBNA
Idioma da catalogação por
Instituição que transcreveu o registro Biblioteca Nacional de Agricultura
041 ## - CÓDIGO DE IDIOMA
Código do idioma do texto/trilha sonora ou título diferente (En)
072 ## - CÓDIGO DE CATEGORIA DE ASSUNTO
Código de Categoria de Assunto F50; F60
100 1# - ENTRADA PRINCIPAL--NOME PESSOAL
Nome pessoal Dabadia, A.C.A.
100 1# - ENTRADA PRINCIPAL--NOME PESSOAL
Nome pessoal Schumacher, P.V.
100 1# - ENTRADA PRINCIPAL--NOME PESSOAL
Nome pessoal Silva, A.V. da
100 1# - ENTRADA PRINCIPAL--NOME PESSOAL
Nome pessoal Costa Netto, A.P. da
100 1# - ENTRADA PRINCIPAL--NOME PESSOAL
Nome pessoal Cruz, S.C.S.
100 1# - ENTRADA PRINCIPAL--NOME PESSOAL
Nome pessoal Reis, E.F. dos
245 1# - TÍTULO
Título Use of pyraclostrobin on the nitrate assimilation and agronomic traits of the Pérola common bean cultivar
650 ## - ASSUNTO--TERMO TÓPICO
Cabeçalho tópico ou nome geográfico FEIJÃO
650 ## - ASSUNTO--TERMO TÓPICO
Cabeçalho tópico ou nome geográfico ANATOMIA VEGETAL
650 ## - ASSUNTO--TERMO TÓPICO
Cabeçalho tópico ou nome geográfico FUNGICIDA
650 ## - ASSUNTO--TERMO TÓPICO
Cabeçalho tópico ou nome geográfico ANÁLISE QUÍMICA
650 ## - ASSUNTO--TERMO TÓPICO
Cabeçalho tópico ou nome geográfico CRESCIMENTO
650 ## - ASSUNTO--TERMO TÓPICO
Cabeçalho tópico ou nome geográfico PRODUTIVIDADE
773 0# - ENTRADA ANALÍTICA
Título Científica. Revista de Ciências Agrárias (Brazil)
ISSN - International Standard Serial Number ISSN 1984-5529
Partes relacionadas (2017), v. 45(4) p. 383-391
Número de controle do registro BR2018000172
856 40 - LOCALIZAÇÃO ELETRÔNICA E ACESSO
Uniform Resource Identifier <a href="http://cientifica.org.br/index.php/cientifica/article/view/1005/608">http://cientifica.org.br/index.php/cientifica/article/view/1005/608</a>
909 ## -
-- 202311
-- Lúcia
-- 55
-- Lúcia Elande
942 ## - ELEMENTOS DE ENTRADA ADICIONADOS (KOHA)
Fonte da classificação ou esquema de arquivamento na estante Classificação AGRIS
Ocultar no OPAC Não
Tipo de material Koha Analítica
Exemplares
Situação do descarte Fonte da classificação ou esquema de arquivamento na estante Situação física Não pode ser emprestado Biblioteca de origem Biblioteca atual Localização na estante Enumeração do periódico / cronologia Total de empréstimos Data de último acesso Número do exemplar Tipo de material Koha Fonte de aquisição
  Classificação AGRIS   Consulta local Biblioteca Nacional de Agricultura - Binagri Biblioteca Nacional de Agricultura - Binagri   (2017), v. 45(4) p. 383-391   29/11/2023 01 Periódicos Portaria Interministerial nº 164/94

BINAGRI

Telefone: (61)3218-2567/2388/3357/2097 - binagri@agro.gov.br

Ministério da Agricultura e Pecuária , Esplanada dos Ministérios, Bloco D, Anexo B, Brasília/DF, CEP: 70.043-900